00754 2200181 4500245003100000020001800031250001100049100001300060700002100073650001700094005001900111260003400130041001400164084001100178300002700189500034700216336000900563 aThe ShadowcJounatanhText a979-083-087-4 aCet. 1 aJounatan aAndiek Kurniawan aNovel Remaja a20240223143507 aJakartabTangga Pustakac2014 aIndonesia a808.83 aii, 250 hlm. :c20 cm. aBagaimana perasaamu ketika harus pindah ke kota kecil? Setelah bertahun-tahun kami hidup di kota metropolitan. Mengerikan. Kau bisa mati perlahan karena bosan. Tak ada bioskop. Tak ada kafe. Tak ada tempat nongkrong. Tak ada teman-teman terbaikmu. Itulah yang kualami, saat kami harus pindah ke kota kecil ini karena papa dipromosikan bosnya. atext